000 00601nam a2200193Ia 4500
003 GCL
005 20240530105251.0
008 140319s9999 xx 000 0 ara d
040 _aGCL /
_cGCL
082 0 4 _a398.245/
_bم ق
100 1 _aمحمد قنديل البقلى
245 1 0 _aقصص مرزبان الحكيم /
_cمحمد قنديل البقلى
260 _aالقاهرة :
_bدار الكتاب المصرى ،
_c1985
300 _a223 ص ؛
_c24 سم
650 0 4 _aالفولكلور
650 0 4 _aالادب الشعبى
650 0 4 _aقصص الخرافات
942 _2ddc
_cBK
999 _c54466
_d54466